[Event "World Youth U16 Olympiad"]
[Site "Gyor HUN"]
[Date "2014.12.14"]
[Round "2.20"]
[Board "4"]
[White "Thaer, Abu Alhaija"]
[Black "Lindholm, Jere"]
[Result "0-1"]
[WhiteElo "1487"]
[BlackElo "1745"]
[WhiteTeam "Jordan"]
[BlackTeam "Finland"]
[WhiteFideId "8106215"]
[BlackFideId "508012"]
[EventDate "2014.12.13"]

1. e4 e6 2. Nf3 d5 3. exd5 exd5 4. d4 Bg4 5. Be2 Nc6 6. c3 Bd6 7. h3 Bh5 8. Be3
Nge7 9. O-O O-O 10. Nbd2 Nf5 11. Nh2 Nxe3 12. fxe3 Bg6 13. Ndf3 Bg3 14. Qd2 Qe7
15. Rfd1 Rae8 16. Nf1 Bd6 17. Bd3 f5 18. g3 Bh5 19. Qf2 Qe6 20. Kg2 Ne7 21. Re1
Ng6 22. b3 Qd7 23. c4 c6 24. c5 Bc7 25. b4 Re7 26. Re2 Nh8 27. N1h2 g5 28. Qe1
Ng6 29. Qd2 Rfe8 30. Rae1 Bb8 31. a4 Qc7 32. Nf1 g4 33. hxg4 Bxg4 34. Rf2 f4 35.
Bxg6 fxe3 36. Bxh7+ Kxh7 37. Qd3+ Kh8 38. Rfe2 Bxf3+ 39. Kxf3 Rf8+ 40. Kg2 Rxf1
41. Kxf1 Rf7+ 42. Kg1 Qxg3+ 43. Kh1 Qh3+ 44. Kg1 Rg7+ 45. Qg6 Rxg6+ 46. Rg2
Qxg2# 0-1

[Event "World Youth U16 Olympiad"]
[Site "Gyor HUN"]
[Date "2014.12.14"]
[Round "2.21"]
[Board "1"]
[White "Karas, Marek"]
[Black "McGovern Leahy, Cian"]
[Result "1-0"]
[WhiteElo "2170"]
[BlackElo "1929"]
[WhiteTeam "Slovakia West"]
[BlackTeam "Ireland"]
[WhiteFideId "14928558"]
[BlackFideId "2508753"]
[EventDate "2014.12.13"]

1. Nf3 Nf6 2. d4 g6 3. c4 Bg7 4. Nc3 d5 5. Bf4 O-O 6. e3 c5 7. Be2 cxd4 8. exd4
Nc6 9. c5 Ne4 10. O-O Nxc3 11. bxc3 b6 12. cxb6 Qxb6 13. Qb3 Qd8 14. Rfe1 Bg4
15. Qa4 Bd7 16. Bb5 Nb8 17. Rab1 e6 18. Ne5 Bxb5 19. Qxb5 Bxe5 20. Bxe5 Nd7 21.
Bf4 Nb6 22. Qa6 Qc8 23. Qd3 f6 24. h4 Qd7 25. Bh6 Rfe8 26. Qf3 Qf7 27. Qg3 Nc4
28. Rb3 Rac8 29. Reb1 Re7 30. Rb8 Ree8 31. R1b7 Rxb8 32. Qxb8 Nd6 33. Rxf7 Rxb8
34. Rxf6 Nf5 35. Bf4 Re8 36. g4 Ng7 37. Bh6 Rc8 38. Rf3 Re8 39. Re3 Kf7 40. Kg2
Rg8 41. Re2 Rc8 42. Rb2 Ne8 43. Bd2 Rc7 44. Rb3 Nf6 45. f3 Rd7 46. Bc1 Ne8 47.
Ba3 Nc7 48. Rb7 a6 49. Bb4 Ke8 50. Rb6 Kd8 51. Ba5 Kc8 52. Rc6 Kb7 53. Rxc7+
Rxc7 54. Bxc7 Kxc7 55. Kg3 1-0

[Event "World Youth U16 Olympiad"]
[Site "Gyor HUN"]
[Date "2014.12.14"]
[Round "2.21"]
[Board "2"]
[White "Mirza, Diana"]
[Black "Kavon, Rastislav"]
[Result "0-1"]
[WhiteTitle "WCM"]
[WhiteElo "1768"]
[BlackElo "2153"]
[WhiteTeam "Ireland"]
[BlackTeam "Slovakia West"]
[WhiteFideId "2503999"]
[BlackFideId "14925648"]
[EventDate "2014.12.13"]

1. d4 Nf6 2. Nf3 g6 3. Nbd2 d5 4. e3 Bg7 5. b4 O-O 6. c4 c6 7. Bd3 Nbd7 8. Ba3
Re8 9. O-O e5 10. Be2 e4 11. Ne1 dxc4 12. Nxc4 Nb6 13. b5 cxb5 14. Nd6 a6 15.
Nxe8 Qxe8 16. Nc2 Be6 17. Qd2 Nfd5 18. Nb4 a5 19. Nxd5 Nxd5 20. Rfc1 b4 21. Bb2
Bf8 22. Bc4 b5 23. Be2 Bd6 24. Qc2 Bd7 25. Qb3 Qe6 26. Qc2 a4 27. Rab1 Qe7 28.
Qd1 f5 29. Qf1 Rb8 30. Ba1 g5 31. g3 h6 32. Qd1 Kh7 33. Qd2 Qd8 34. Bf1 g4 35.
h3 h5 36. h4 Rc8 37. Rxc8 Qxc8 38. Rc1 Qb7 39. Qd1 Kg6 40. Kg2 Kf7 41. Kg1 Ke8
42. Kg2 Bc6 43. Qc2 Kd7 44. Be2 Kc7 45. Qd1 Kb6 46. Qc2 Be7 47. Kg1 Bd6 48. Kg2
Qd7 49. Bf1 Bb7 50. Be2 Qe7 51. Qd1 Qe8 52. Qc2 Qb8 53. Qd2 f4 54. gxf4 Nxf4+
55. Kf1 Nxe2 56. Kxe2 Qf8 0-1

[Event "World Youth U16 Olympiad"]
[Site "Gyor HUN"]
[Date "2014.12.14"]
[Round "2.21"]
[Board "3"]
[White "Puskar, Peter"]
[Black "Higgins, Michael"]
[Result "1-0"]
[WhiteElo "2051"]
[BlackElo "1559"]
[WhiteTeam "Slovakia West"]
[BlackTeam "Ireland"]
[WhiteFideId "14925842"]
[BlackFideId "2507153"]
[EventDate "2014.12.13"]

1. d4 Nf6 2. c4 g6 3. Nc3 Bg7 4. e4 d6 5. Nf3 O-O 6. Be2 e5 7. Be3 Nc6 8. d5 Ne7
9. Nd2 Ne8 10. O-O f5 11. f3 f4 12. Bf2 g5 13. b4 h5 14. c5 Ng6 15. Nc4 Qd7 16.
cxd6 cxd6 17. a4 g4 18. fxg4 hxg4 19. Nb5 f3 20. gxf3 gxf3 21. Bxf3 Qf7 22. Bg3
Bh3 23. Bg2 Nf4 24. Rxf4 exf4 25. Bxh3 Qg6 26. Be6+ Kh8 27. Ra3 fxg3 28. Rxg3
Qf6 29. Bf5 Bh6 30. Rg6 Rg8 31. Rxg8+ Kxg8 32. Be6+ Kh8 33. Nbxd6 Nxd6 34. Nxd6
Rf8 35. Nf5 Qg5+ 36. Kh1 Qf4 37. Qd4+ Kh7 38. Kg2 Qg5+ 39. Ng3 Bg7 40. Qd3 Be5
41. b5 Bxg3 42. hxg3 Qe5 43. Bf5+ Kg7 44. Qd2 Rf6 45. g4 Kf8 46. g5 Rd6 47. Qc1
Rd8 48. a5 Kg7 49. b6 Qe7 50. Qc3+ Kg8 51. Be6+ Kh7 52. Qh3+ 1-0

[Event "World Youth U16 Olympiad"]
[Site "Gyor HUN"]
[Date "2014.12.14"]
[Round "2.21"]
[Board "4"]
[White "Dwyer, Daniel"]
[Black "Vrtiakova, Anna"]
[Result "0-1"]
[WhiteElo "1777"]
[BlackElo "1866"]
[WhiteTeam "Ireland"]
[BlackTeam "Slovakia West"]
[WhiteFideId "2507927"]
[BlackFideId "14927870"]
[EventDate "2014.12.13"]

1. e4 c5 2. Nf3 d6 3. d4 cxd4 4. Nxd4 Nf6 5. Nc3 a6 6. Be3 e5 7. Nb3 Be6 8. Be2
Be7 9. O-O O-O 10. Qd2 Nbd7 11. Rad1 Qc7 12. f4 exf4 13. Bxf4 Ne5 14. Nd4 Rac8
15. Bxe5 dxe5 16. Nf5 Bxf5 17. Rxf5 Qb6+ 18. Kh1 Qxb2 19. Nd5 Nxd5 20. Qxd5 Qxc2
21. Bg4 Rcd8 22. Qb3 Rxd1+ 23. Bxd1 Qxe4 24. Rf1 b5 25. Bf3 Qc4 26. Qb1 Rd8 27.
Rc1 Qd3 28. Qa1 Qd4 29. Qb1 Qf4 30. Re1 Bf6 31. Qc2 Qd2 32. Qb1 Qd3 33. Qc1 Qc4
34. Qb1 g6 35. Rc1 Qd3 36. Qb2 Kg7 37. Qf2 Qd2 38. Qf1 Qxa2 39. Ra1 Qe6 40. Bb7
Rd6 41. Qf2 e4 42. Re1 e3 43. Qf3 Bc3 44. Rxe3 Qxe3 45. Qxe3 Rd1+ 46. Qg1 Rxg1+
47. Kxg1 a5 48. Bc6 b4 49. Ba4 Kf6 50. Kf2 Ke5 51. Ke3 f5 52. g3 Bd4+ 53. Kd3
Bg1 54. h3 Bf2 55. g4 fxg4 56. hxg4 Kf4 57. Bd7 h5 58. gxh5 gxh5 59. Bc6 h4 60.
Kc4 h3 61. Kb3 h2 62. Bh1 Bb6 63. Ka4 Kg3 0-1

[Event "World Youth U16 Olympiad"]
[Site "Gyor HUN"]
[Date "2014.12.14"]
[Round "2.22"]
[Board "1"]
[White "Koo, Inmo"]
[Black "Holtman, Teodor"]
[Result "0-1"]
[WhiteElo "1846"]
[BlackElo "2058"]
[WhiteTeam "South Korea 2"]
[BlackTeam "Slovakia East"]
[WhiteFideId "13202863"]
[BlackFideId "14933721"]
[EventDate "2014.12.13"]

1. e4 c5 2. Nf3 a6 3. d4 cxd4 4. Nxd4 Nf6 5. Nc3 e5 6. Nf3 Bb4 7. Bd3 d6 8. Bd2
O-O 9. O-O Nbd7 10. a3 Bxc3 11. Bxc3 Nc5 12. Bb4 Nfxe4 13. Bxe4 Nxe4 14. Re1 f5
15. Nxe5 dxe5 16. Bxf8 Qxd1 17. Raxd1 Kxf8 18. Rd5 Nf6 19. Rdxe5 Bd7 20. h3 Re8
21. Rxe8+ Bxe8 22. Re6 Kf7 23. Rb6 Bc6 24. Kh2 g6 25. Rb4 Ne4 26. f3 Nd6 27. Rh4
h5 28. Kg3 Kf6 29. Kf4 g5+ 30. Kg3 gxh4+ 31. Kxh4 f4 32. Kxh5 Bd7 33. h4 Bf5 34.
c3 Nf7 35. b4 Ne5 36. a4 Bg6+ 0-1

[Event "World Youth U16 Olympiad"]
[Site "Gyor HUN"]
[Date "2014.12.14"]
[Round "2.22"]
[Board "2"]
[White "Kravec, Patrik"]
[Black "Huh, Maximilian Romeo Eunhong"]
[Result "1-0"]
[WhiteElo "1976"]
[BlackElo "1231"]
[WhiteTeam "Slovakia East"]
[BlackTeam "South Korea 2"]
[WhiteFideId "14923505"]
[BlackFideId "13203193"]
[EventDate "2014.12.13"]

1. c4 Nf6 2. Nc3 c6 3. Nf3 d5 4. cxd5 cxd5 5. d4 Nc6 6. Bf4 a6 7. h3 e6 8. a3
Bd6 9. Bxd6 Qxd6 10. e3 Bd7 11. Be2 O-O-O 12. b4 Na7 13. Ne5 Be8 14. Qb3 Ne4 15.
Nxe4 dxe4 16. Nc4 Qc7 17. Nd2 Bc6 18. a4 Rd6 19. b5 Bd5 20. Qb2 Kd7 21. O-O Rb8
22. Rfc1 Qd8 23. Rab1 Nc8 24. bxa6 Nb6 25. a5 Na4 26. Bb5+ Ke7 27. Bxa4 Qxa5 28.
Qb4 Qxa6 29. Bb5 Qb6 30. Nc4 Bxc4 31. Bxc4 Qxb4 32. Rxb4 Rc6 33. Rcb1 Ke8 34.
Bb5 1-0

[Event "World Youth U16 Olympiad"]
[Site "Gyor HUN"]
[Date "2014.12.14"]
[Round "2.22"]
[Board "4"]
[White "Nadzamova, Sofia"]
[Black "Lee, Jeeho"]
[Result "1-0"]
[WhiteElo "1734"]
[BlackElo "1162"]
[WhiteTeam "Slovakia East"]
[BlackTeam "South Korea 2"]
[WhiteFideId "14928450"]
[BlackFideId "13203231"]
[EventDate "2014.12.13"]

1. e4 e5 2. Nf3 Nc6 3. Bb5 a6 4. Ba4 Nf6 5. d3 Bc5 6. O-O O-O 7. c3 b5 8. Bb3
Re8 9. Bg5 d6 10. h3 Bb6 11. Bd5 Bb7 12. Re1 Qd7 13. Bxf6 gxf6 14. Nh4 Nd8 15.
Qf3 c6 16. Bb3 d5 17. Qxf6 Qe7 18. Qh6 Qf8 19. Qg5+ Qg7 20. Qxg7+ Kxg7 21. Nf5+
Kf8 22. Nd6 Re7 23. Nxb7 Nxb7 24. exd5 Nc5 25. Bc2 cxd5 26. Nd2 Rd8 27. Nf3 e4
28. dxe4 Nxe4 29. Nd4 b4 30. f3 Bxd4+ 31. cxd4 Nf6 32. Rxe7 Kxe7 33. Re1+ Kd6
34. Bf5 a5 35. Kf2 a4 36. Re3 Rb8 37. a3 bxa3 38. bxa3 Rb3 39. Bc2 Rb2 40. Rc3
Ne8 41. Kg3 Nc7 42. Bxa4 Rd2 43. Rc6+ Ke7 44. Rxc7+ Kf8 45. Rd7 Rxd4 46. Bc6 Rd3
47. Bxd5 Rxa3 48. Rxf7+ Ke8 49. Rxh7 Ra5 50. Be4 Rg5+ 51. Kf2 Kf8 52. h4 Ra5 53.
g4 Ra2+ 54. Kg3 Kg8 55. Bd5+ Kf8 56. Bxa2 1-0

[Event "World Youth U16 Olympiad"]
[Site "Gyor HUN"]
[Date "2014.12.14"]
[Round "2.23"]
[Board "2"]
[White "Kolver, Michelle"]
[Black "Haring, Viktor"]
[Result "0-1"]
[WhiteElo "1584"]
[BlackElo "2051"]
[WhiteTeam "South Africa (Girls)"]
[BlackTeam "Slovakia Middle"]
[WhiteFideId "14307839"]
[BlackFideId "14919400"]
[EventDate "2014.12.13"]

1. d4 d5 2. Nf3 Nf6 3. Bg5 Nbd7 4. Nbd2 g6 5. e3 Bg7 6. Bd3 O-O 7. e4 dxe4 8.
Nxe4 c5 9. c3 cxd4 10. Nxd4 Nxe4 11. Bxe4 Nc5 12. Bc2 Qd5 13. Nf3 Qc4 14. Nd2
Qb5 15. Rb1 b6 16. Qe2 Qxe2+ 17. Kxe2 Ba6+ 18. c4 Rac8 19. b3 b5 20. Rhd1 Ne6
21. Bxe7 Rfe8 22. Bh4 Nd4+ 23. Kd3 bxc4+ 24. bxc4 Nxc2 25. Kxc2 Bxc4 26. Nxc4
Rxc4+ 27. Kd2 Rxh4 28. h3 Rd4+ 0-1

[Event "World Youth U16 Olympiad"]
[Site "Gyor HUN"]
[Date "2014.12.14"]
[Round "2.23"]
[Board "3"]
[White "Sahidi, Samir"]
[Black "Samons, Marcelle"]
[Result "1-0"]
[WhiteElo "2026"]
[BlackElo "1539"]
[WhiteTeam "Slovakia Middle"]
[BlackTeam "South Africa (Girls)"]
[WhiteFideId "14936372"]
[BlackFideId "14318016"]
[EventDate "2014.12.13"]

1. e4 e6 2. d4 d5 3. Nc3 Bb4 4. exd5 exd5 5. Nf3 c6 6. Bd3 Qc7 7. O-O Ne7 8. Ne2
Bg4 9. Ng3 h5 10. h3 h4 11. Nh1 Bh5 12. Be2 Bd6 13. Re1 f6 14. c4 dxc4 15. d5
cxd5 16. Nd4 Bxe2 17. Qxe2 Be5 18. Ne6 Qd7 19. Nxg7+ Kf7 20. Nh5 Qf5 21. Nf4
Nbc6 22. g4 hxg3 23. Nxg3 Rag8 24. Qf3 Nd4 25. Qg2 Qd7 26. Rd1 Bxf4 27. Rxd4
Bxg3 28. fxg3 Rxh3 29. Bf4 Rgh8 30. Rad1 Qf5 31. g4 Qh7 32. Rxd5 Rh1+ 33. Kf2
Qc2+ 34. R1d2 Qg6 35. Rd7 R1h4 36. Rxe7+ Kxe7 37. Qxb7+ Ke8 38. Qc8+ Ke7 39.
Rd7+ Ke6 40. Qc6# 1-0

[Event "World Youth U16 Olympiad"]
[Site "Gyor HUN"]
[Date "2014.12.14"]
[Round "2.23"]
[Board "4"]
[White "De, Bruyn Aleida"]
[Black "Poliakova, Emma"]
[Result "1/2-1/2"]
[WhiteTitle "WFM"]
[WhiteElo "1607"]
[BlackElo "1679"]
[WhiteTeam "South Africa (Girls)"]
[BlackTeam "Slovakia Middle"]
[WhiteFideId "14304546"]
[BlackFideId "73601144"]
[EventDate "2014.12.13"]

1. c4 Nf6 2. g3 g6 3. Bg2 Bg7 4. Nc3 d6 5. Rb1 a5 6. d3 Nc6 7. e3 e5 8. Nge2 Bf5
9. a3 O-O 10. O-O Qc8 11. Nd5 Nxd5 12. cxd5 Ne7 13. Nc3 Bh3 14. Bd2 Bxg2 15.
Kxg2 f5 16. Qb3 Kh8 17. Rbc1 Qd7 18. f4 c6 19. dxc6 bxc6 20. Ne2 Rfb8 21. Qc2
exf4 22. d4 fxg3 23. hxg3 Qb7 24. Bc3 Nd5 25. Qd2 Re8 26. Rf3 c5 27. Kf2 Nf6 28.
Kg2 Ng4 29. d5 a4 30. Nf4 Ne5 31. Bxe5 Bxe5 32. Rc2 Bxf4 33. exf4 Re4 34. Rd3
Rae8 35. Kf3 Qb5 36. Qc3+ Kg8 37. Kf2 c4 38. Rdd2 Qc5+ 39. Kg2 Rb8 40. Qf6 Rf8
41. Qc3 Qb5 42. Rd4 Rxd4 43. Qxd4 Rc8 44. Rd2 Qb3 45. Qf6 Re8 46. Qxd6 Qe3 47.
Qb4 Qb3 48. Qxb3 axb3 49. Kf2 Kf7 50. Rd4 c3 51. bxc3 Rb8 52. Rd1 Ke7 53. Ke3
Kd6 54. c4 Kc5 55. Kd3 Ra8 56. Kc3 Rxa3 57. d6 Ra8 58. d7 Rd8 59. Kxb3 Kc6 60.
Kc3 h6 61. Rd5 Rxd7 62. Rxd7 Kxd7 63. Kd4 Ke6 64. c5 g5 65. fxg5 hxg5 66. c6 Kd6
67. c7 Kxc7 68. Ke5 f4 69. gxf4 gxf4 70. Kxf4 1/2-1/2

[Event "World Youth U16 Olympiad"]
[Site "Gyor HUN"]
[Date "2014.12.14"]
[Round "2.24"]
[Board "1"]
[White "Petrov, Martin"]
[Black "Naotunna, Dineth Nimnaka"]
[Result "1-0"]
[WhiteElo "2183"]
[BlackElo "1947"]
[WhiteTeam "Bulgaria"]
[BlackTeam "Sri Lanka"]
[WhiteFideId "2911086"]
[BlackFideId "9919228"]
[EventDate "2014.12.13"]

1. e4 c5 2. Nf3 Nc6 3. d4 cxd4 4. Nxd4 e5 5. Nb5 a6 6. Nd6+ Bxd6 7. Qxd6 Qf6 8.
Qd2 Qg6 9. Nc3 Nge7 10. f4 f5 11. exf5 Nxf5 12. Bc4 Nd6 13. Bd5 e4 14. O-O Ne7
15. b3 Rb8 16. Ba3 Kd8 17. Rfe1 b5 18. Bxe4 Nxe4 19. Nxe4 Nf5 20. Bd6 Nxd6 21.
Nxd6 Rb6 22. Rad1 Qxd6 23. Qxd6 Rxd6 24. Rxd6 Kc7 25. Rd2 Rf8 26. Re7 Rg8 27. f5
Kd8 28. f6 gxf6 29. Rxh7 Rf8 30. h4 f5 31. h5 Kc7 32. h6 Kc6 33. Rg7 Rf6 34. h7
Rh6 35. Rg6+ 1-0

[Event "World Youth U16 Olympiad"]
[Site "Gyor HUN"]
[Date "2014.12.14"]
[Round "2.24"]
[Board "2"]
[White "Kuruppu, Supun Dasantha"]
[Black "Stefanov, Emil"]
[Result "0-1"]
[WhiteTitle "CM"]
[WhiteElo "1896"]
[BlackElo "2134"]
[WhiteTeam "Sri Lanka"]
[BlackTeam "Bulgaria"]
[WhiteFideId "9902805"]
[BlackFideId "2914794"]
[EventDate "2014.12.13"]

1. d4 Nf6 2. c4 e6 3. Nc3 c5 4. d5 exd5 5. cxd5 d6 6. g3 g6 7. Bg2 Bg7 8. Nf3
O-O 9. O-O a6 10. a4 Re8 11. Nd2 Nbd7 12. e4 Ne5 13. Qe2 g5 14. Nc4 Nxc4 15.
Qxc4 Ng4 16. h3 Ne5 17. Qe2 g4 18. hxg4 Bxg4 19. f3 Bd7 20. f4 Bg4 21. Qc2 Ng6
22. Be3 f5 23. Rae1 Qd7 24. a5 Rad8 25. Bf2 fxe4 26. Bxe4 Bh3 27. Bxg6 hxg6 28.
Rxe8+ Rxe8 29. Re1 Rxe1+ 30. Bxe1 Bf5 31. Qe2 Bd4+ 32. Kg2 Bh3+ 33. Kh2 Bg4 34.
Qe4 Qh7+ 35. Kg2 Qh3# 0-1

[Event "World Youth U16 Olympiad"]
[Site "Gyor HUN"]
[Date "2014.12.14"]
[Round "2.24"]
[Board "3"]
[White "Petrov, Vladimir Sergeev"]
[Black "Doluweera, Minul Sanjula"]
[Result "1/2-1/2"]
[BlackTitle "CM"]
[WhiteElo "2055"]
[BlackElo "2031"]
[WhiteTeam "Bulgaria"]
[BlackTeam "Sri Lanka"]
[WhiteFideId "2902940"]
[BlackFideId "9910760"]
[EventDate "2014.12.13"]

1. e4 c6 2. d4 d5 3. e5 Bf5 4. Nc3 e6 5. g4 Bg6 6. Nge2 f6 7. h4 fxe5 8. h5 Bf7
9. dxe5 Nd7 10. f4 Bc5 11. Nd4 Qc7 12. Nce2 O-O-O 13. c3 Ne7 14. b4 Bb6 15. a4
a6 16. a5 Ba7 17. Be3 Kb8 18. Qd2 g5 19. Nf3 Bxe3 20. Qxe3 gxf4 21. Nxf4 Rhg8
22. Rg1 c5 23. b5 c4 24. b6 Qc5 25. Qxc5 Nxc5 26. Nd4 Rg5 27. Nf3 Rgg8 28. Nd4
Rg5 29. Nf3 Rgg8 30. Nd4 1/2-1/2

[Event "World Youth U16 Olympiad"]
[Site "Gyor HUN"]
[Date "2014.12.14"]
[Round "2.24"]
[Board "4"]
[White "Mendis, Dasuni Hansika"]
[Black "Vasova, Maria"]
[Result "0-1"]
[WhiteElo "1688"]
[BlackElo "2031"]
[WhiteTeam "Sri Lanka"]
[BlackTeam "Bulgaria"]
[WhiteFideId "9907696"]
[BlackFideId "2900955"]
[EventDate "2014.12.13"]

1. d4 d5 2. c4 c6 3. Nf3 Nf6 4. Nc3 dxc4 5. a4 Bf5 6. e3 e6 7. Bxc4 Bb4 8. O-O
O-O 9. Qe2 Nbd7 10. e4 Bg6 11. Bd3 Bh5 12. e5 Nd5 13. Nxd5 cxd5 14. Qe3 Re8 15.
Ng5 Nf8 16. f4 h6 17. Nh3 f5 18. Nf2 Nd7 19. h3 Rf8 20. g4 Bg6 21. Kh2 Bh7 22.
Rg1 fxg4 23. Bxh7+ Kxh7 24. Nxg4 Kh8 25. b3 Rc8 26. Bb2 Rc2+ 27. Rg2 Rxg2+ 28.
Kxg2 Nb8 29. Rg1 Nc6 30. Kh1 Qh4 31. Bc1 Ne7 32. Qd3 Rc8 33. Bb2 h5 34. Nh2 Qxf4
35. Qe2 Qe4+ 36. Qxe4 dxe4 37. Rg5 Kg8 38. Rg2 Nf5 39. Nf1 Rd8 40. Re2 Rc8 41.
Kg1 Kf7 42. Kg2 h4 43. Rf2 Ke8 44. Re2 Kd7 45. Kh2 e3 46. Kg2 Bc3 47. Bc1 Nxd4
48. Rxe3 Ba5 49. Ba3 Rc2+ 50. Kh1 Rc3 51. Re4 Nf5 52. Kh2 Rxb3 53. Bc1 Rb4 54.
Re1 Rxa4 55. Rd1+ Rd4 0-1

[Event "World Youth U16 Olympiad"]
[Site "Gyor HUN"]
[Date "2014.12.14"]
[Round "2.25"]
[Board "1"]
[White "Rebaz, Nasir Jamal"]
[Black "Mesaros, Florian"]
[Result "0-1"]
[WhiteElo "1719"]
[BlackElo "2370"]
[WhiteTeam "Iraq"]
[BlackTeam "Austria"]
[WhiteFideId "4808649"]
[BlackFideId "1629220"]
[EventDate "2014.12.13"]

1. e4 c5 2. Nf3 e6 3. d4 cxd4 4. Nxd4 Nc6 5. Nxc6 bxc6 6. c4 Nf6 7. Bd3 e5 8.
O-O Bc5 9. Bg5 d6 10. Nc3 h6 11. Bh4 Be6 12. Kh1 Rb8 13. Rb1 g5 14. Bg3 h5 15.
f3 h4 16. Bf2 Bxf2 17. Rxf2 Nh5 18. Ne2 Qb6 19. Rf1 g4 20. Qe1 Qe3 21. Qxh4 Qxd3
22. Qf2 Qxe2 23. Qxa7 Rxb2 24. Qa8+ Ke7 25. Qa7+ Bd7 0-1

[Event "World Youth U16 Olympiad"]
[Site "Gyor HUN"]
[Date "2014.12.14"]
[Round "2.25"]
[Board "2"]
[White "Kiss, Balint"]
[Black "Rabeea, Sabah Nori"]
[Result "0-1"]
[BlackTitle "FM"]
[WhiteElo "2090"]
[BlackElo "1944"]
[WhiteTeam "Austria"]
[BlackTeam "Iraq"]
[WhiteFideId "743763"]
[BlackFideId "4806212"]
[EventDate "2014.12.13"]

1. e4 e5 2. Nf3 Nc6 3. d4 exd4 4. Nxd4 Bc5 5. Nb3 Bb6 6. Nc3 d6 7. Qe2 Nge7 8.
Be3 O-O 9. O-O-O f5 10. Bg5 h6 11. Bxe7 Qxe7 12. f3 fxe4 13. Qxe4 Bf5 14. Bc4+
Kh8 15. Qxe7 Nxe7 16. Rhe1 Nc6 17. Bd5 Rae8 18. a3 Bf2 19. Rf1 Be3+ 20. Kb1 Re5
21. f4 Re7 22. g3 Bh3 23. Rh1 Bg4 24. Rde1 Rfe8 25. Bg2 Bb6 26. Re4 Bf5 27. Rxe7
Rxe7 28. h3 Bd4 29. Rd1 Bxc3 30. bxc3 Re3 31. g4 Be4 32. Bxe4 Rxe4 33. f5 Re3
34. Rd3 Rxd3 35. cxd3 Kh7 36. d4 h5 37. Nd2 Ne7 38. Nf3 hxg4 39. hxg4 Nd5 40.
Ng5+ Kg8 41. Ne4 Ne3 42. f6 Nxg4 43. fxg7 Kxg7 44. Kb2 Nf6 45. Nd2 Kf7 46. Nc4
Ke6 47. Kb3 Kd5 48. Nd2 Ne4 49. Nf3 a6 50. a4 a5 51. c4+ Kc6 52. Kc2 Nf6 53. Kc3
Nd7 54. Kb3 Kb6 55. Kc3 c6 56. Kb3 Ka6 57. Nd2 Nf6 58. Nf3 b5 59. cxb5+ cxb5 60.
axb5+ Kxb5 61. Nd2 d5 62. Nf3 a4+ 63. Ka3 Ne4 64. Ne5 Nd2 65. Nd7 Nc4+ 66. Ka2
Kb4 67. Nc5 a3 68. Ne6 Ne3 69. Nf4 Ka4 70. Ne6 Nc2 71. Nf4 Nb4+ 72. Ka1 Kb3 0-1

[Event "World Youth U16 Olympiad"]
[Site "Gyor HUN"]
[Date "2014.12.14"]
[Round "2.25"]
[Board "3"]
[White "Noori, Sabah Nori"]
[Black "Horvath, Dominik"]
[Result "1/2-1/2"]
[WhiteElo "1891"]
[BlackElo "2017"]
[WhiteTeam "Iraq"]
[BlackTeam "Austria"]
[WhiteFideId "4806620"]
[BlackFideId "1642561"]
[EventDate "2014.12.13"]

1. d4 Nf6 2. c4 g6 3. Nc3 Bg7 4. e4 d6 5. Bd3 O-O 6. Nge2 e5 7. d5 Na6 8. O-O
Nc5 9. f3 Nxd3 10. Qxd3 Nd7 11. Be3 Nc5 12. Qd2 a5 13. Rad1 b6 14. Nb5 f5 15.
Bxc5 bxc5 16. a4 Rf7 17. b3 Qh4 18. Qe1 Qg5 19. Qd2 f4 20. Kh1 Qh5 21. Qe1 g5
22. Qf2 g4 23. Kg1 Bf6 24. Rd3 gxf3 25. Rxf3 Rg7 26. Nxf4 exf4 27. Rxf4 Bh3 28.
Rxf6 Rxg2+ 29. Qxg2+ Bxg2 30. Kxg2 Qe2+ 31. Kh3 Re8 32. Nxc7 Qh5+ 33. Kg2 Qg4+
34. Kh1 Qxe4+ 35. Kg1 Re5 36. Ne6 Qg4+ 37. Kh1 Qe4+ 38. Kg1 Qg4+ 39. Kh1 Qe4+ 1/2-1/2

[Event "World Youth U16 Olympiad"]
[Site "Gyor HUN"]
[Date "2014.12.14"]
[Round "2.25"]
[Board "4"]
[White "Toelly, Michael"]
[Black "Nabaa Sami, Abbas"]
[Result "1-0"]
[WhiteElo "1925"]
[BlackElo "1549"]
[WhiteTeam "Austria"]
[BlackTeam "Iraq"]
[WhiteFideId "1625330"]
[BlackFideId "4806255"]
[EventDate "2014.12.13"]

1. c4 c6 2. e4 d5 3. exd5 cxd5 4. cxd5 Qxd5 5. Nc3 Qd8 6. d4 Nf6 7. Nf3 Bf5 8.
Bc4 e6 9. O-O Be7 10. d5 exd5 11. Nxd5 O-O 12. Nxe7+ Qxe7 13. Re1 Qd8 14. Qb3
Qb6 15. Qxb6 axb6 16. Re7 Nbd7 17. Bd2 Bg6 18. Nh4 Rfe8 19. Nxg6 hxg6 20. Bxf7+
Kf8 21. Rxe8+ Nxe8 22. Bxg6 Nef6 23. a3 Nc5 24. Re1 Rd8 25. Bb4 Kg8 26. f3 Na6
27. Bc3 Kf8 28. h4 Nc7 29. Bb4+ Kg8 30. h5 Na6 31. Bc3 Nc5 32. Bxf6 gxf6 33.
Re8+ 1-0

[Event "World Youth U16 Olympiad"]
[Site "Gyor HUN"]
[Date "2014.12.14"]
[Round "2.26"]
[Board "1"]
[White "Conradie, Andre"]
[Black "Shi, Diwen"]
[Result "1-0"]
[BlackTitle "CM"]
[WhiteElo "1760"]
[BlackElo "2147"]
[WhiteTeam "South Africa 2"]
[BlackTeam "Canada 3"]
[WhiteFideId "14304570"]
[BlackFideId "2609886"]
[EventDate "2014.12.13"]

1. e4 c5 2. Nc3 Nc6 3. g3 g6 4. d3 Bg7 5. Bg2 d6 6. Nge2 Nf6 7. O-O O-O 8. h3
Rb8 9. Be3 b5 10. Qd2 Qb6 11. g4 b4 12. Nd1 Nd4 13. Ng3 e6 14. Kh1 d5 15. e5 Nd7
16. f4 Nc6 17. g5 Bb7 18. Bg1 Ncxe5 19. fxe5 Bxe5 20. Bh2 Qc7 21. Qe1 Rbe8 22.
Rg1 f6 23. gxf6 Nxf6 24. Nf1 Bxh2 25. Nxh2 Nh5 26. Nf1 Rf6 27. Nde3 Ref8 28. Ng4
Rf4 29. Qxe6+ R8f7 30. Nh6+ Kg7 31. Nxf7 Rxf7 32. Re1 Nf4 33. Qe5+ Qxe5 34. Rxe5
Nxg2 35. Kxg2 d4+ 36. Re4 Rf4 37. Ng3 c4 38. Re1 a5 39. Kg1 Bxe4 40. Rxe4 Rf3
41. Kg2 cxd3 42. Kxf3 1-0

[Event "World Youth U16 Olympiad"]
[Site "Gyor HUN"]
[Date "2014.12.14"]
[Round "2.26"]
[Board "2"]
[White "Song, Guannan Terry"]
[Black "Kolver, Chris"]
[Result "1/2-1/2"]
[WhiteElo "2004"]
[BlackElo "1806"]
[WhiteTeam "Canada 3"]
[BlackTeam "South Africa 2"]
[WhiteFideId "2614189"]
[BlackFideId "14307820"]
[EventDate "2014.12.13"]

1. e4 c5 2. Nc3 Nc6 3. f4 e6 4. Nf3 d5 5. Bb5 Ne7 6. exd5 exd5 7. Qe2 Be6 8. d4
c4 9. O-O Qd6 10. Bxc6+ bxc6 11. b3 cxb3 12. axb3 g6 13. Ba3 Qxf4 14. Bc5 Nf5
15. Qa6 Qc7 16. Bxf8 Kxf8 17. Rae1 Kg7 18. Qd3 Rhe8 19. Na4 Nd6 20. Ng5 Bf5 21.
Qg3 Rxe1 22. Rxe1 Re8 23. Re5 Rxe5 24. Qxe5+ f6 25. Ne6+ Bxe6 26. Qxe6 Ne4 27.
c4 Qf4 28. h3 Qf2+ 29. Kh2 Qg3+ 30. Kg1 Qxb3 31. cxd5 Qxd5 32. Qe7+ Kh6 33. Qxa7
Qa2 34. Qc7 Qxa4 35. Qf4+ Ng5 36. h4 Qd1+ 37. Kf2 Qc2+ 38. Kg1 Qf5 39. hxg5+
Qxg5 40. Qh2+ Qh5 41. Qf4+ 1/2-1/2